| 000 | 00801nam a2200217Ia 4500 | ||
|---|---|---|---|
| 001 | 5923 | ||
| 003 | GE_BSU | ||
| 008 | 181216s||||||||xx |||||||||||||| ||und|| | ||
| 020 | _a9789941174131 | ||
| 040 | _cGE_BSU | ||
| 080 | _a341.217(4) | ||
| 100 | _aმანველიძე, ირაკლი | ||
| 245 | _aევროკავშირი-გლობალური საერთაშორისო ფაქტორი | ||
| 245 | _cრედ. კახაბერ სურგულაძე | ||
| 260 | _aთბილისი | ||
| 260 | _bუნივერსალი | ||
| 260 | _c2011 | ||
| 300 | _a161გვ. 20სმ. | ||
| 653 | _aევროკავშირი-გლობალური საერთაშორისო ფაქტორი | ||
| 942 | _cBK | ||
| 999 |
_c39337 _d39337 |
||